Aristotle's Theory of Abstraction /

Salvato in:
Dettagli Bibliografici
Autore principale: Bäck, Allan (autor)
Natura: Libro
Lingua:inglese
Pubblicazione: Cham, Suiza : Springer, 2014, c2014
Serie:(The New Synthese Historical Library: Texts and Studies in the History of Philosophy ; 73)
Soggetti:
Accesso online:Ver documento en línea
Tags: Aggiungi Tag
Nessun Tag, puoi essere il primo ad aggiungerne!!

MARC

LEADER 00000nam^a2200000^a^4500
001 000420390
005 20251023000000.0
009 20260310122509.024
020 |a 978-3-319-04759-1 
037 |a Acervo ITESO - Biblioteca 
041 |a ING 
082 |a 185.  |b ARI EST BAC 
100 |a Bäck, Allan  |e (autor) 
245 1 0 |a Aristotle's Theory of Abstraction /  |c A. Bäck. 
264 4 |a Cham, Suiza :  |b Springer,  |c 2014, c2014 
264 2 |a Cham, Suiza :  |b Springer Link [distribución],  |c 2014 
300 |a 1 libro electrónico en línea (IX, 311 p.) 
300 |a 1 recurso en línea 
336 |a datos para computadora  |b cod  |2 rdacontenido 
337 |a computadora  |b c  |2 rdamedio 
338 |a recurso en línea  |b cr  |2 rdasoporte 
440 5 |a (The New Synthese Historical Library: Texts and Studies in the History of Philosophy ;  |v 73) 
506 0 |a Licencias ilimitadas 
545 0 |a Aristóteles (384 a.C.-322 a.C.), pensador griego, es considerado con su maestro Platón la figura que ha dominado todo el desarrollo de la historia de la filosofía desde la Antigüedad hasta la Edad Moderna, al menos hasta la aparición de Immanuel Kant. Aristóteles ingresó a la escuela ateniense de Platón en el año 367 y permaneció en ella hasta la muerte del maestro, ocurrida en 347. Doce años más tarde fundó su escuela, llamada Liceo. La filosofía se configura en el pensamiento del griego como una ciencia dentro de un sistema global del saber y en la cima de ese sistema, se sitúa la filosofía en su acepción específica de metafísica, que señala a las otras ciencias sus límites y sus conexiones. El cuerpo de obras que hoy conocemos de Aristóteles recoge sólo los escritos llamados acroamáticos o esotéricos, que no iban destinados al público en general, y comprende cuatro grandes grupos de trabajos: los escritos de lógica, conocidos bajo el título de Organon (instrumento); los escritos de filosofía de la naturaleza o física; los catorce libros recogidos bajo el título de Metafísica y las obras morales, políticas, de poética y de retórica. A estas obras se suman una serie de escritos dudosos y apócrifos y varios escritos de historia, ciencias naturales y ética. 
649 |a XX 
650 |a Filósofos Griegos 
650 |a Abstracción -  |x Tema Principal 
650 |a Habilidades de Pensamiento 
650 |a Conocimiento 
650 |a Psicología Cognitiva 
650 |a Escuela Aristotélica (Liceo) -  |x Historia y Crítica -  |x Tema Principal 
650 |a Socráticos -  |x Historia y Crítica 
650 |a Filosofía Griega -  |x Historia y Crítica 
650 |a Filosofía Clásica -  |x Historia y Crítica 
650 |a Aristóteles -  |x Tema Principal 
856 4 0 |u https://link-springer-com.ezproxy.iteso.mx/10.1007/978-3-319-04759-1  |y Ver documento en línea 
910 |a Fondo General 
920 |a Electrónicos - Libros en Línea 
930 |a Plataforma Digital 
905 |a 205 
901 |a 420390-1  |b IT2  |c EBO  |i C172346  |u 20250521 
902 |a https://opac.biblio.iteso.mx/vufind/Record/000420390